| 000 | 00732nam a22002171i 4500 | ||
|---|---|---|---|
| 001 | 114490 | ||
| 003 | ES-MaACL | ||
| 005 | 20230906190153.0 | ||
| 007 | t| | ||
| 008 | 070302s1938 sp ||||0| spa d | ||
| 016 | 7 | _zIND9400638585 | |
| 040 |
_aM-BN _bspa _cA2 |
||
| 100 | 1 |
_aNegrín, Juan, _d1892-1956 _985307 |
|
| 245 | 1 | 4 |
_aLos 13 puntos de Negrín _b: [comentados por Falange Española Tradicionalista y de las J.O.N.S.]. |
| 260 |
_a[S.l.] : _bLa Falange, _c[1938] |
||
| 300 |
_a[8] p : _bil ; _c21 cm. |
||
| 651 | 4 |
_aEspaña- _xHistoria- _y1936-1939, Guerra civil. _98292 |
|
| 710 | 2 |
_aFalange Española Tradicionalista y de las J.O.N.S. _94086 |
|
| 852 |
_aES-MaACL _j1833-F-16 _bR.18428 |
||
| 999 |
_c114490 _d114490 |
||